00342nam a2200121Ia 45000010005000000080041000050820025000461000030000712450050001012600027001519010027001789990015002051339241024s9999 xx 000 0 und d aRD/028.9/L732g/2/v.2 aDinorah De Lima Jiménez 0aGuías de Lectura y Escritura. Segundo grado bEd. Alfa y Omegac2007 a23/3/2011 4:45:08 p.m. c9969d9969